Elektronická logistika v obchode v podmienkach SR bakalárska práca

Salvato in:
Dettagli Bibliografici
Autore principale: Nagy, Tamás
Ente Autore: Obchodná fakulta EU. Katedra marketingu
Altri autori: Drška, Ľuboš
Natura: Libro
Lingua:slovacco
Pubblicazione: Bratislava 2014
Tags: Aggiungi Tag
Nessun Tag, puoi essere il primo ad aggiungerne!!

MARC

LEADER 00000nbm a2200000 4500
001 0188169
005 20170315090444.2
041 0 |a slo 
044 |a SK 
245 1 0 |a Elektronická logistika v obchode v podmienkach SR  |b bakalárska práca  |c Tamás Nagy ; školiteľ: Ľuboš Drška 
264 1 |a Bratislava  |c 2014 
300 |a 37 s. 
100 1 |a Nagy, Tamás 
700 1 |a Drška, Ľuboš 
710 2 |a Obchodná fakulta EU. Katedra marketingu